The fourfold gospel : (Record no. 17244)

MARC details
000 -LEADER
fixed length control field 00587nam a2200205 4500
005 - DATE AND TIME OF LATEST TRANSACTION
control field 20220127113535.0
006 - FIXED-LENGTH DATA ELEMENTS--ADDITIONAL MATERIAL CHARACTERISTICS--GENERAL INFORMATION
fixed length control field 000
007 - PHYSICAL DESCRIPTION FIXED FIELD--GENERAL INFORMATION
fixed length control field 000
008 - FIXED-LENGTH DATA ELEMENTS--GENERAL INFORMATION
fixed length control field 000
020 ## - INTERNATIONAL STANDARD BOOK NUMBER
International Standard Book Number 9780801095450
040 ## - CATALOGING SOURCE
Original cataloging agency UOEL
050 ## - LIBRARY OF CONGRESS CALL NUMBER
Classification number BS2555.52
Item number .W37 2016
100 ## - MAIN ENTRY--PERSONAL NAME
Personal name Watson, Francis
245 ## - TITLE STATEMENT
Title The fourfold gospel :
Remainder of title A theological reading of the new testsment potraits of Jesus /
Statement of responsibility, etc by Francis Watson.
260 ## - PUBLICATION, DISTRIBUTION, ETC. (IMPRINT)
Place of publication, distribution, etc USA :
Name of publisher, distributor, etc Baker Academic,
Date of publication, distribution, etc c2016.
300 ## - PHYSICAL DESCRIPTION
Extent xiii, 207p . :
Other physical details ill.
500 ## - GENERAL NOTE
General note Includes indexes and bibliographic references
650 ## - SUBJECT ADDED ENTRY--TOPICAL TERM
Topical term or geographic name as entry element The fourfold gospel
Form subdivision Bible
942 ## - ADDED ENTRY ELEMENTS (KOHA)
Source of classification or shelving scheme Library of Congress Classification
Item type Loan - Normal on open shelf
Holdings
Withdrawn status Lost status Source of classification or shelving scheme Damaged status Not for loan Home library Current library Shelving location Date acquired Total Checkouts Full call number Barcode Date last seen Copy number Price effective from Koha item type
    Library of Congress Classification     UOE Main Library UOE Main Library Open shelf 27/01/2022   BS2555.52 .W37 2016 20157926 27/04/2026 20157926 27/01/2022 Loan - Normal on open shelf